Hàng mã trong đời sống tâm linh của người Việt hiện nay (Nghiên cứu một số xã thuộc huyện Chương Mỹ, Hà Nội) /

সংরক্ষণ করুন:
গ্রন্থ-পঞ্জীর বিবরন
প্রধান লেখক: Nguyễn Văn Phải.
বিন্যাস: প্রবন্ধ
ভাষা:Vietnamese
বিষয়গুলি:
ট্যাগগুলো: ট্যাগ যুক্ত করুন
কোনো ট্যাগ নেই, প্রথমজন হিসাবে ট্যাগ করুন!
Thư viện lưu trữ: Thư viện Trường Đại học Đà Lạt
LEADER 00880nam a2200277 4500
001 DLU190193205
005 ##20191028
040 # # |a DLU  |b vie 
041 # # |a vie 
044 # # |a vn 
100 # # |a Nguyễn Văn Phải. 
245 # # |a Hàng mã trong đời sống tâm linh của người Việt hiện nay (Nghiên cứu một số xã thuộc huyện Chương Mỹ, Hà Nội) /  |c Nguyễn Văn Phải. 
653 # # |a Hàng mã 
653 # # |a Người Việt 
653 # # |a Tâm linh 
653 # # |a Vật phẩm tôn giáo 
773 # # |t Nghiên cứu Tôn giáo  |g Số 11&12(159), 2016, tr. 163-178 
920 # # |a Phòng Tạp chí -- Trung tâm Thông tin - Thư viện Trường Đại học Đà Lạt 
994 # # |a DLU 
900 # # |a True 
911 # # |a Hoàng Thị Huyền 
925 # # |a G 
926 # # |a A 
927 # # |a BB 
980 # # |a Thư viện Trường Đại học Đà Lạt